| 000 | 00923nam2a22002411 4500 | ||
|---|---|---|---|
| 001 | 2561758 | ||
| 005 | 20250622222110.0 | ||
| 021 |
_aRU _b79-40637ж |
||
| 035 | _a(NLR Aleph) 006446802 | ||
| 090 |
_a5697206 _c5697206 |
||
| 100 | _a20110316d1978 |||y0rusy50 ca | ||
| 101 | 0 | _arus | |
| 102 | _aRU | ||
| 105 | _aa z ||||| | ||
| 200 | 0 | _aВып. 5 | |
| 210 |
_d1978 _aБ. м. |
||
| 215 |
_a194 с. _cил. |
||
| 461 | 0 |
_10012561753 _12001#$aНизковольтное аппаратостроение$eСборник статей$e[Вып. 1]-$f[Ред. коллегия:... Г.Ф. Мицкевич (отв. ред.) и др.]$gВсесоюз. науч.-исслед. проектно-конструкт. и технол. ин-т низковольтного аппаратостроения$vВып. 5 |
|
| 801 | 0 |
_aRU _bNLR _gpsbo |
|
| 801 | 1 |
_aRU _bELAR _2rusmarc |
|
| 852 |
_aNLR _jDesideratum |
||
| 942 | _cBOOK | ||
| 980 | _aNB | ||